The effect of using sun-dry sesbanialeave replacingsoy bean as ingredient feed growthrate of chicken at animal experimental station of the rua (ឥទ្ធិពលនៃការប្រើប្រាស់ស្លឺកអង្គាដីក្រៀមជំនួសសណ្ដែកសៀងជាចំណីផ្សំលើការលូតលាស់របស់មាន់សាច់នៅស្ថានីយ៏ចិញ្ចឺមសត្វនៃសាកលវិទ្យាល័យភូមិន្ទកសិកម្ម) (Record no. 2432)
[ view plain ]
| 000 -LEADER | |
|---|---|
| fixed length control field | 00926nam a22001577a 4500 |
| 003 - CONTROL NUMBER IDENTIFIER | |
| control field | OSt |
| 005 - DATE AND TIME OF LATEST TRANSACTION | |
| control field | 20151021093500.0 |
| 008 - FIXED-LENGTH DATA ELEMENTS--GENERAL INFORMATION | |
| fixed length control field | 151021b xxu||||| |||| 00| 0 eng d |
| 040 ## - CATALOGING SOURCE | |
| Transcribing agency | RUA |
| 082 ## - DEWEY DECIMAL CLASSIFICATION NUMBER | |
| Classification number | AVM CHA 2009 B089 Or.1 |
| 100 ## - MAIN ENTRY--PERSONAL NAME | |
| 9 (RLIN) | 2585 |
| Personal name | CHAY, CHANTHRON. |
| 245 ## - TITLE STATEMENT | |
| Title | The effect of using sun-dry sesbanialeave replacingsoy bean as ingredient feed growthrate of chicken at animal experimental station of the rua (ឥទ្ធិពលនៃការប្រើប្រាស់ស្លឺកអង្គាដីក្រៀមជំនួសសណ្ដែកសៀងជាចំណីផ្សំលើការលូតលាស់របស់មាន់សាច់នៅស្ថានីយ៏ចិញ្ចឺមសត្វនៃសាកលវិទ្យាល័យភូមិន្ទកសិកម្ម) |
| 260 ## - PUBLICATION, DISTRIBUTION, ETC. (IMPRINT) | |
| Place of publication, distribution, etc. | Phnom Penh |
| Name of publisher, distributor, etc. | RUA |
| Date of publication, distribution, etc. | 2009 |
| 300 ## - PHYSICAL DESCRIPTION | |
| Extent | xi, 44p. |
| Other physical details | ill. |
| Dimensions | 29cm. |
| 942 ## - ADDED ENTRY ELEMENTS (KOHA) | |
| Source of classification or shelving scheme | |
| Koha item type | AVM |
| Price effective from | Date last seen | Permanent Location | Not for loan | Date acquired | Source of classification or shelving scheme | Koha item type | Barcode | Lost status | Damaged status | Shelving location | Withdrawn status | Current Location | Full call number |
|---|---|---|---|---|---|---|---|---|---|---|---|---|---|
| 2015-10-21 | 2015-10-21 | Library Block B | 2015-10-21 | AVM | RUA020267 | B089 | Library Block B | AVM CHA 2009 B089 Or.1 | |||||
| 2015-10-21 | 2015-10-21 | Library Block B | 2015-10-21 | AVM | RUA020204 | B089 | Library Block B | AVM CHA 2009 B089 Or.2 | |||||
| 2015-10-21 | 2015-10-21 | Library Block B | 2015-10-21 | AVM | RUA020252 | B089 | Library Block B | AVM CHA 2009 B089 Or.3 | |||||
| 2015-10-21 | 2015-10-21 | Library Block B | 2015-10-21 | AVM | RUA020136 | B089 | Library Block B | AVM CHA 2009 B089 Or.4 | |||||
| 2015-10-21 | 2015-10-21 | Library Block B | 2015-10-21 | AVM | RUA020141 | B089 | Library Block B | AVM CHA 2009 B089 Or.5 | |||||
| 2015-10-21 | 2015-10-21 | Library Block B | 2015-10-21 | AVM | RUA020366 | B089 | Library Block B | AVM CHA 2009 B089 Or.6 |